[Event "ODJM A 2014"]
[Site "Magdeburg GER"]
[Date "2014.06.08"]
[Round "1"]
[White "Berchtenbreiter, Maximilian"]
[Black "Thumm, Felix"]
[Result "1-0"]
[Termination "normal"]
[Board "1"]
[WhiteTitle "IM"]
[WhiteElo "2396"]
[BlackElo "1755"]
[WhiteClock "01:27:29"]
[BlackClock "00:13:22"]
[PlyCount "49"]
[WhiteFideId "24641120"]
[BlackFideId "12902209"]
[EventCountry "GER"]
[EventRounds "9"]
[EventType "swiss"]
[EventDate "2014.06.07"]

1. e4 c5 2. Nf3 e6 3. d4 cxd4 4. Nxd4 a6 5. Nc3 Qc7 6. Bd3 b5 7. Qe2 Bb7 8. Bd2
Nc6 9. Nxc6 Bxc6 10. a4 b4 11. Nd5 Qb7 12. a5 Bxd5 13. exd5 Nf6 14. dxe6 dxe6
15. O-O Bc5 16. Bg5 Nd5 17. c4 bxc3 18. bxc3 Nxc3 19. Qe5 Qd5 20. Qxc3 Qxg5 21.
h4 Qd5 22. Ra4 Bd6 23. Be4 Bh2+ 24. Kh1 Qb5 25. Bc6+ 1-0

[Event "ODJM A 2014"]
[Site "Magdeburg GER"]
[Date "2014.06.08"]
[Round "1"]
[White "Pohl, Steffen"]
[Black "Gölz, Daniel"]
[Result "0-1"]
[Termination "normal"]
[Board "2"]
[WhiteElo "1712"]
[BlackElo "2225"]
[WhiteClock "00:07:31"]
[BlackClock "00:04:33"]
[PlyCount "60"]
[WhiteFideId "12987824"]
[BlackFideId "24626325"]
[EventCountry "GER"]
[EventRounds "9"]
[EventType "swiss"]
[EventDate "2014.06.07"]

1. e4 c5 2. d4 cxd4 3. c3 dxc3 4. Nxc3 a6 5. Nf3 e6 6. Bc4 b5 7. Bb3 Bb7 8. Qe2
d6 9. O-O Nd7 10. Rd1 Ngf6 11. Bf4 Qb8 12. Nd5 Nxd5 13. exd5 e5 14. Bg5 f6 15.
Be3 Be7 16. Nh4 g6 17. Bc2 Kf7 18. Qg4 Nf8 19. Bh6 Qc8 20. Bf5 Qc4 21. Be6+
Nxe6 22. Qxe6+ Ke8 23. Qh3 Bxd5 24. b3 Qc6 25. Rac1 Qb7 26. Rc3 Kf7 27. Qg4 Be6
28. Qe2 Rac8 29. Rg3 Qc6 30. Nf3 Qc2 1/2-1/2

[Event "ODJM A 2014"]
[Site "Magdeburg GER"]
[Date "2014.06.08"]
[Round "1"]
[White "Wenninger, Philipp"]
[Black "Hinrichs, Niklas"]
[Result "1-0"]
[Termination "normal"]
[Board "3"]
[WhiteElo "2251"]
[BlackElo "1711"]
[WhiteClock "00:01:39"]
[BlackClock "01:31:21"]
[PlyCount "161"]
[WhiteFideId "4648404"]
[BlackFideId "12942499"]
[EventCountry "GER"]
[EventRounds "9"]
[EventType "swiss"]
[EventDate "2014.06.07"]

1. d4 d5 2. c4 c6 3. Nf3 e6 4. Nc3 Nf6 5. Bg5 Be7 6. e3 h6 7. Bh4 O-O 8. Rc1
Nbd7 9. Bd3 dxc4 10. Bxc4 b5 11. Bd3 Bb7 12. O-O a6 13. e4 c5 14. e5 Nd5 15.
Bxe7 Qxe7 16. Ne4 Nb4 17. Nxc5 Nxc5 18. Rxc5 Rfd8 19. Be2 Nc6 20. Rc3 Rd5 21.
Bd3 Rc8 22. Be4 Rdd8 23. Re1 Qd7 24. h3 Ne7 25. Qe2 Nd5 26. Rc5 Rxc5 27. dxc5
Nb4 28. a3 Bxe4 29. Qxe4 Nc6 30. b4 Qd5 31. Kf1 Kf8 32. Qc2 Ke7 33. Kg1 Qd3 34.
Qb2 Rd7 35. Re2 Nd4 36. Nxd4 Rxd4 37. Re1 Kd7 38. Re3 Qd1+ 39. Kh2 Rd2 40. Qc3
Kc6 41. Rf3 Rd7 42. Qe3 Qd5 43. Rf4 h5 44. Qe2 g6 45. a4 Ra7 46. Qe3 Rd7 47.
axb5+ axb5 48. g3 g5 49. Re4 Kc7 50. h4 g4 51. Rf4 Kc6 52. Qa3 Kb7 53. Qa5 Qc6
54. Rf6 Rc7 55. Rh6 Rc8 56. Rxh5 Ra8 57. Qb6+ Qxb6 58. cxb6 Kxb6 59. Rg5 Kc6
60. Rxg4 Kd5 61. Rg7 Kxe5 62. Rxf7 Ra4 63. Rf4 Kd5 64. f3 e5 65. Re4 Ra2+ 66.
Kh3 Rf2 67. Kg4 Rc2 68. h5 Rc8 69. h6 Rg8+ 70. Kh4 Rg6 71. Kh5 Rxg3 72. h7 Rxf3
73. Rg4 Rf8 74. Rg8 Rf1 75. h8=Q Rh1+ 76. Kg4 Rxh8 77. Rxh8 Kc4 78. Kf3 Kxb4
79. Ke2 Kb3 80. Kd2 b4 81. Kc1 1-0

[Event "ODJM A 2014"]
[Site "Magdeburg GER"]
[Date "2014.06.08"]
[Round "1"]
[White "Schmidt, Daniel"]
[Black "Cremer, Jan Paul"]
[Result "1/2-1/2"]
[Termination "normal"]
[Board "4"]
[WhiteElo "1775"]
[BlackElo "2211"]
[WhiteClock "00:18:08"]
[BlackClock "00:37:50"]
[PlyCount "95"]
[WhiteFideId "12957950"]
[BlackFideId "24686115"]
[EventCountry "GER"]
[EventRounds "9"]
[EventType "swiss"]
[EventDate "2014.06.07"]

1. d4 Nf6 2. g3 g6 3. Bg2 Bg7 4. c4 O-O 5. Nc3 d6 6. Nf3 Nc6 7. d5 Na5 8. Nd2
c5 9. O-O a6 10. Qc2 Ng4 11. b3 b5 12. cxb5 axb5 13. Bb2 Rb8 14. Nd1 Nf6 15. e4
e6 16. Ne3 exd5 17. Nxd5 Nc6 18. Nxf6+ Bxf6 19. Bxf6 Qxf6 20. Nf3 Bg4 21. Qd3
Nb4 22. Qd1 Ra8 23. a3 Nc6 24. h3 Bxf3 25. Bxf3 Ra7 26. Bg2 Nd4 27. Qd3 Rc8 28.
Rfd1 Qe6 29. b4 Nb3 30. Rab1 c4 31. Qc3 Rxa3 32. Rd5 Rca8 33. Rxb5 Nc5 34. Rb8+
Rxb8 35. Qxa3 Nxe4 36. Re1 d5 37. Re3 Qc6 38. Bxe4 dxe4 39. Qc3 Qd5 40. Kg2 f5
41. f3 exf3+ 42. Rxf3 Ra8 43. Kg1 Ra2 44. Rf2 Qd1+ 45. Kg2 Rxf2+ 46. Kxf2 Qb3
47. Qd2 Kg7 48. Qd4+ 1/2-1/2

[Event "ODJM A 2014"]
[Site "Magdeburg GER"]
[Date "2014.06.08"]
[Round "1"]
[White "Rietze, Clemens"]
[Black "Acikel, Mert"]
[Result "1-0"]
[Termination "normal"]
[Board "5"]
[WhiteTitle "FM"]
[WhiteElo "2288"]
[BlackElo "1707"]
[WhiteClock "00:13:56"]
[BlackClock "00:13:26"]
[PlyCount "47"]
[WhiteFideId "24620351"]
[BlackFideId "12956465"]
[EventCountry "GER"]
[EventRounds "9"]
[EventType "swiss"]
[EventDate "2014.06.07"]

1. d4 Nf6 2. c4 g6 3. Nc3 d5 4. cxd5 Nxd5 5. g3 Bg7 6. Bg2 Nxc3 7. bxc3 c5 8.
Nf3 Nc6 9. Be3 Qa5 10. O-O O-O 11. Qb3 Rd8 12. Rfd1 Bd7 13. Ng5 e6 14. d5 Nd4
15. cxd4 Ba4 16. Qxb7 Rf8 17. Bd2 Qd8 18. Rdc1 Bxd4 19. Rab1 Qf6 20. Ne4 Qf5
21. Bh6 exd5 22. Bxf8 Rxf8 23. e3 dxe4 24. Bxe4 1-0

[Event "ODJM A 2014"]
[Site "Magdeburg GER"]
[Date "2014.06.08"]
[Round "1"]
[White "Peters, Florian"]
[Black "Meißner, Felix"]
[Result "0-1"]
[Termination "normal"]
[Board "6"]
[BlackTitle "FM"]
[WhiteElo "1755"]
[BlackElo "2254"]
[WhiteClock "00:07:48"]
[BlackClock "00:37:11"]
[PlyCount "44"]
[WhiteFideId "12952028"]
[BlackFideId "24671827"]
[EventCountry "GER"]
[EventRounds "9"]
[EventType "swiss"]
[EventDate "2014.06.07"]

1. Nf3 Nf6 2. g3 g6 3. Bg2 Bg7 4. O-O O-O 5. d3 d5 6. c4 Nc6 7. Nbd2 d4 8. a3
a5 9. Rb1 a4 10. b4 axb3 11. Nxb3 e5 12. Ng5 Qd6 13. Nd2 Nd7 14. f4 exf4 15.
Nde4 Qe7 16. Bxf4 Nde5 17. Qc1 Ng4 18. Bh3 Ra7 19. Bxg4 Bxg4 20. Nf3 Bf5 21.
Nfd2 h6 22. e3 Bxe4 0-1

[Event "ODJM A 2014"]
[Site "Magdeburg GER"]
[Date "2014.06.08"]
[Round "1"]
[White "Carow, Annelen"]
[Black "Schwenke, Stefan"]
[Result "1-0"]
[Termination "normal"]
[Board "7"]
[WhiteElo "2044"]
[BlackElo "1758"]
[PlyCount "27"]
[WhiteFideId "24692492"]
[BlackFideId "12948438"]
[EventCountry "GER"]
[EventRounds "9"]
[EventType "swiss"]
[EventDate "2014.06.07"]

1. d4 Nf6 2. c4 e5 3. dxe5 Ng4 4. Nc3 Nxe5 5. e3 Bb4 6. Bd2 Nbc6 7. a3 Bxc3 8.
Bxc3 O-O 9. Nh3 d6 10. Nf4 Ne7 11. Be2 g5 12. Nh5 N7g6 13. f4 Nd7 14. Qd4 1-0

[Event "ODJM A 2014"]
[Site "Magdeburg GER"]
[Date "2014.06.08"]
[Round "1"]
[White "Heldt, Nils-Lennart"]
[Black "Zeller, Elisa"]
[Result "1-0"]
[Termination "normal"]
[Board "8"]
[WhiteElo "1593"]
[BlackElo "1921"]
[PlyCount "81"]
[WhiteFideId "12952109"]
[BlackFideId "24662410"]
[EventCountry "GER"]
[EventRounds "9"]
[EventType "swiss"]
[EventDate "2014.06.07"]

1. e4 e6 2. d4 d5 3. Nc3 Bb4 4. a3 Bxc3+ 5. bxc3 Ne7 6. e5 c5 7. Qg4 O-O 8. h4
Nbc6 9. Nf3 c4 10. h5 f5 11. Qg3 Kh8 12. Bg5 Qe8 13. h6 g6 14. Bf6+ Kg8 15. Bg7
Rf7 16. Ng5 f4 17. Qh3 Rf5 18. Bf6 Bd7 19. Be2 Nc8 20. Bg4 N6e7 21. Bxf5 Nxf5
22. Qf3 Ba4 23. Kd2 Nb6 24. Qxf4 Nd7 25. g4 Ne7 26. Nxe6 Qf7 27. Ng5 Qf8 28.
Qf3 Bc6 29. Bg7 Qxf3 30. Nxf3 Nf8 31. Ng5 Bd7 32. f3 Ne6 33. Nxe6 Bxe6 34. Rab1
b6 35. Ke3 Kf7 36. Kf4 Nc6 37. Kg5 Rg8 38. f4 Ne7 39. Rbf1 Ke8 40. f5 gxf5 41.
gxf5 1-0

[Event "ODJM A 2014"]
[Site "Magdeburg GER"]
[Date "2014.06.08"]
[Round "1"]
[White "Reisberg, Andre"]
[Black "Teichert, Felix"]
[Result "1-0"]
[Termination "normal"]
[Board "9"]
[WhiteElo "1989"]
[BlackElo "1686"]
[PlyCount "83"]
[WhiteFideId "1270630"]
[BlackFideId "12987670"]
[EventCountry "GER"]
[EventRounds "9"]
[EventType "swiss"]
[EventDate "2014.06.07"]

1. d4 Nf6 2. c4 e6 3. Nc3 b6 4. e4 Bb4 5. Qc2 Bb7 6. Bd3 O-O 7. Nf3 d5 8. cxd5
exd5 9. e5 Ne4 10. O-O Bxc3 11. bxc3 Na6 12. Bxe4 dxe4 13. Ng5 c5 14. Be3 Rc8
15. Qb1 Qd5 16. f3 Qc4 17. Nxe4 Bxe4 18. Qxe4 Qxc3 19. d5 Nb4 20. Rfc1 Qd3 21.
Rc4 Qxe4 22. fxe4 Rfe8 23. Rd1 Rxe5 24. a3 Na6 25. Ra4 Nb8 26. Rxa7 Rxe4 27.
Bf2 Rd8 28. Bg3 Nc6 29. Rb7 Nd4 30. Bc7 Re7 31. d6 Red7 32. Rxb6 Re8 33. Rdb1
Ne6 34. Rb8 Kf8 35. Rxe8+ Kxe8 36. Rb8+ Nd8 37. Kf2 f5 38. a4 c4 39. Ke3 f4+
40. Kxf4 g5+ 41. Ke3 h5 42. a5 1-0

[Event "ODJM A 2014"]
[Site "Magdeburg GER"]
[Date "2014.06.08"]
[Round "1"]
[White "Udaykumar, Arunn Mark"]
[Black "Stein, Daniel"]
[Result "0-1"]
[Termination "normal"]
[Board "10"]
[WhiteElo "1767"]
[BlackElo "1969"]
[PlyCount "90"]
[WhiteFideId "12965456"]
[BlackFideId "12939307"]
[EventCountry "GER"]
[EventRounds "9"]
[EventType "swiss"]
[EventDate "2014.06.07"]

1. e4 e5 2. Nf3 Nf6 3. Bc4 Nxe4 4. Nxe5 d5 5. Qf3 Be6 6. Be2 Bc5 7. O-O Nd7 8.
Nxd7 Qxd7 9. d3 Nf6 10. Nd2 O-O-O 11. Nb3 Bd6 12. Qe3 d4 13. Qxd4 Bxh2+ 14.
Kxh2 Qxd4 15. Nxd4 Rxd4 16. Be3 Ng4+ 17. Bxg4 Rxg4 18. b3 h5 19. f3 Rg6 20. c4
h4 21. d4 f5 22. d5 h3 23. g3 Bd7 24. Rae1 c6 25. dxc6 Rxc6 26. Rd1 Re6 27.
Rfe1 Rhe8 28. Bd2 Re2+ 29. Rxe2 Rxe2+ 30. Kxh3 Bc6 31. Bc3 Bxf3 32. Bxg7 Re7
33. Rd3 Bg4+ 34. Kg2 Rxg7 35. a3 Rd7 36. Rxd7 Kxd7 37. Kf2 Kd6 38. Ke3 Ke5 39.
b4 Bh5 40. a4 Bf7 41. Kd3 Be8 42. a5 a6 43. Ke3 Bc6 44. Kd3 Bg2 45. Ke3 Bf1 0-1

[Event "ODJM A 2014"]
[Site "Magdeburg GER"]
[Date "2014.06.08"]
[Round "1"]
[White "Giraud, Valerian"]
[Black "Denkert, Robert"]
[Result "1/2-1/2"]
[Termination "normal"]
[Board "11"]
[WhiteElo "2004"]
[BlackElo "1731"]
[PlyCount "101"]
[WhiteFideId "12920355"]
[BlackFideId "12957216"]
[EventCountry "GER"]
[EventRounds "9"]
[EventType "swiss"]
[EventDate "2014.06.07"]

1. d4 Nf6 2. c4 c5 3. d5 b5 4. cxb5 a6 5. bxa6 Bxa6 6. Nc3 d6 7. Nf3 g6 8. e4
Bxf1 9. Kxf1 Bg7 10. g3 O-O 11. Kg2 Qb6 12. Qe2 Nbd7 13. a4 Ra5 14. Bd2 Rfa8
15. b3 Ng4 16. Rab1 Nde5 17. Nb5 R5a6 18. Nxe5 Nxe5 19. Bc3 Rc8 20. f4 Nd7 21.
Bxg7 Kxg7 22. Qb2+ Kg8 23. Rhe1 Qb7 24. Qc2 Nb6 25. Na3 Qc7 26. Nc4 Nxc4 27.
Qxc4 Rb6 28. Rec1 Rb4 29. Qxb4 cxb4 30. Rxc7 Rxc7 31. Rb2 Kf8 32. a5 Ke8 33.
Kf2 Kd7 34. a6 Kc8 35. Ra2 Kb8 36. a7+ Ka8 37. Ra4 Rc2+ 38. Kg1 Rc1+ 39. Kg2
Rc2+ 40. Kh3 Rb2 41. Rxb4 Kxa7 42. g4 h6 43. Kg3 Rc2 44. Rc4 Rxc4 45. bxc4 Kb6
46. e5 f6 47. exf6 exf6 48. h4 Kc5 49. Kf3 Kxc4 50. Ke4 Kc5 51. h5 1/2-1/2

[Event "ODJM A 2014"]
[Site "Magdeburg GER"]
[Date "2014.06.08"]
[Round "1"]
[White "Denzer, Johannes"]
[Black "Bart, Simon"]
[Result "0-1"]
[Termination "normal"]
[Board "12"]
[WhiteElo "1637"]
[BlackElo "2027"]
[PlyCount "52"]
[WhiteFideId "1271724"]
[BlackFideId "24637327"]
[EventCountry "GER"]
[EventRounds "9"]
[EventType "swiss"]
[EventDate "2014.06.07"]

1. e4 e5 2. Nf3 Nf6 3. Nxe5 d6 4. Nxf7 Kxf7 5. d4 c5 6. dxc5 Qa5+ 7. Nc3 Qxc5
8. Be3 Qb4 9. Bd3 Be7 10. O-O Re8 11. Nb5 Na6 12. a3 Qa5 13. Bc4+ Be6 14. Bxe6+
Kxe6 15. c4 Kf7 16. f4 Bf8 17. e5 dxe5 18. fxe5 Rxe5 19. Qd7+ Kg8 20. Qxb7 Rb8
21. Qxa7 Rxe3 22. Qxe3 Bc5 23. Nd4 Re8 24. Qf4 Qb6 25. Rad1 Re4 26. Qf3 Rxd4
0-1

[Event "ODJM A 2014"]
[Site "Magdeburg GER"]
[Date "2014.06.08"]
[Round "1"]
[White "Kaplun, David"]
[Black "Wolff, Marie Antoinette"]
[Result "1-0"]
[Termination "normal"]
[Board "13"]
[WhiteElo "1800"]
[BlackElo "1628"]
[PlyCount "61"]
[WhiteFideId "12901954"]
[BlackFideId "12908258"]
[EventCountry "GER"]
[EventRounds "9"]
[EventType "swiss"]
[EventDate "2014.06.07"]

1. d4 d5 2. c4 c6 3. cxd5 cxd5 4. Nc3 Nf6 5. Nf3 Nc6 6. Bf4 Bf5 7. e3 e6 8. Ne5
Bb4 9. a3 Bxc3+ 10. bxc3 O-O 11. f3 Rc8 12. g4 Bg6 13. h4 h6 14. Nxg6 fxg6 15.
Bd3 Ne7 16. Rc1 Qb6 17. O-O Qb2 18. Bd6 Rf7 19. Bb4 Nxg4 20. fxg4 Rxf1+ 21.
Bxf1 Nc6 22. Qc2 Qxc2 23. Rxc2 e5 24. c4 Nxb4 25. axb4 exd4 26. exd4 Kh7 27. c5
Re8 28. Kg2 Re3 29. b5 Rb3 30. c6 bxc6 31. bxc6 1-0

[Event "ODJM A 2014"]
[Site "Magdeburg GER"]
[Date "2014.06.08"]
[Round "1"]
[White "Garbuz, Vitaliy"]
[Black "Lüßmann, Thomas"]
[Result "0-1"]
[Termination "normal"]
[Board "14"]
[WhiteElo "1627"]
[BlackElo "1893"]
[PlyCount "108"]
[WhiteFideId "12990710"]
[BlackFideId "1270602"]
[EventCountry "GER"]
[EventRounds "9"]
[EventType "swiss"]
[EventDate "2014.06.07"]

1. e4 e6 2. d4 d5 3. exd5 exd5 4. Bd3 Bd6 5. Ne2 Ne7 6. O-O Bf5 7. Bf4 O-O 8.
c3 Bxd3 9. Qxd3 Ng6 10. Bxd6 Qxd6 11. Nd2 Re8 12. Ng3 Nd7 13. Rfe1 Nf6 14. Nf3
a5 15. Qf5 Qb6 16. Qc2 Qd6 17. Qf5 a4 18. Ne5 Qb6 19. Nxg6 hxg6 20. Qc2 Qc6 21.
Qd2 Kf8 22. Rxe8+ Nxe8 23. Qc1 Nd6 24. Nf1 Nb5 25. a3 Re8 26. Ne3 Nd6 27. Qf1
Ne4 28. Qd3 Qd7 29. f3 Nf6 30. Re1 Re6 31. Nc2 Rb6 32. Nb4 Re6 33. Rxe6 Qxe6
34. Kf2 c6 35. Qe2 Qd6 36. Qe5 Qxe5 37. dxe5 Nd7 38. f4 g5 39. Kf3 gxf4 40.
Kxf4 Ke7 41. Nd3 Ke6 42. Ke3 c5 43. Nf4+ Kxe5 44. Nd3+ Kd6 45. Kf4 f6 46. Nf2
Ne5 47. h3 Nc4 48. Nd3 b6 49. g4 Ne5 50. Nf2 Ke6 51. h4 Ng6+ 52. Kg3 Ke5 53.
Nd3+ Ke4 54. Ne1 d4 0-1

[Event "ODJM A 2014"]
[Site "Magdeburg GER"]
[Date "2014.06.08"]
[Round "1"]
[White "Balazs, Balint"]
[Black "Hesse, Henrik"]
[Result "1-0"]
[Termination "normal"]
[Board "15"]
[WhiteElo "1846"]
[BlackElo "1645"]
[PlyCount "97"]
[WhiteFideId "12922757"]
[BlackFideId "12952060"]
[EventCountry "GER"]
[EventRounds "9"]
[EventType "swiss"]
[EventDate "2014.06.07"]

1. e4 e5 2. Bc4 Nf6 3. d3 c6 4. Nf3 d5 5. exd5 cxd5 6. Bb5+ Bd7 7. Bxd7+ Nbxd7
8. O-O Bd6 9. Nc3 a6 10. Bg5 Qc7 11. Qd2 h6 12. Bh4 O-O 13. Rfe1 Rfe8 14. Bg3
Rac8 15. Re2 Bb4 16. d4 Bxc3 17. bxc3 Ne4 18. Qe1 Nxg3 19. hxg3 e4 20. Re3 Re6
21. Nd2 Nf6 22. c4 Ng4 23. Re2 Nf6 24. cxd5 Nxd5 25. c4 Nb4 26. Qd1 e3 27. Rxe3
Rxe3 28. fxe3 Qxg3 29. Qb3 Rc6 30. Qxb4 Rg6 31. Qxb7 Qxe3+ 32. Kh1 Qxd2 33. Rf1
Kh7 34. Qe4 f5 35. Rxf5 Qd1+ 36. Kh2 Rg4 37. Rf4+ Rg6 38. Rf3 Qa4 39. Rg3 Qc6
40. Qxg6+ Qxg6 41. Rxg6 Kxg6 42. c5 Kf6 43. d5 Ke5 44. c6 Kd6 45. Kg3 g6 46.
Kf4 h5 47. Ke4 a5 48. a3 h4 49. Kf4 1-0

[Event "ODJM A 2014"]
[Site "Magdeburg GER"]
[Date "2014.06.08"]
[Round "1"]
[White "Dathe, Frederick"]
[Black "Borchert, Louis"]
[Result "1-0"]
[Termination "normal"]
[Board "16"]
[WhiteElo "1576"]
[BlackElo "1869"]
[PlyCount "135"]
[WhiteFideId "12963070"]
[BlackFideId "12990680"]
[EventCountry "GER"]
[EventRounds "9"]
[EventType "swiss"]
[EventDate "2014.06.07"]

1. d4 d5 2. c4 Bf5 3. Nc3 e6 4. Nf3 Nc6 5. a3 Nf6 6. Bg5 Be7 7. e3 O-O 8. Bd3
Bxd3 9. Qxd3 a5 10. O-O dxc4 11. Qxc4 Nd7 12. Bxe7 Qxe7 13. Na4 Ra6 14. Rac1
Nb6 15. Nxb6 Rxb6 16. Qc3 Rd8 17. Nd2 a4 18. h3 h6 19. Ne4 e5 20. dxe5 Qxe5 21.
Qxe5 Nxe5 22. Rxc7 Rxb2 23. Rfc1 Rd3 24. Nc3 Rdd2 25. Ne4 Re2 26. Rf1 b5 27.
Nc3 Rec2 28. Nxb5 Rxc7 29. Nxc7 Ra2 30. Nb5 Nc4 31. Rc1 Nxa3 32. Nc3 Rd2 33.
Nxa4 Kh7 34. Nc5 Nb5 35. Ne4 Rb2 36. Rc6 Na3 37. Rc7 Rb4 38. Nd6 Kg6 39. Nxf7
Nc4 40. Rxc4 Rb1+ 41. Kh2 Kxf7 42. Rc6 Rb4 43. g4 Rb1 44. h4 Re1 45. g5 h5 46.
g6+ Ke7 47. Kg2 Rb1 48. Rc5 Kf6 49. Rg5 Rc1 50. e4 Rc6 51. e5+ Ke7 52. Rxh5
Rxg6+ 53. Rg5 Rh6 54. Kg3 Kf7 55. f4 Ra6 56. Kg4 Ra4 57. Kf5 Ra6 58. h5 Rh6 59.
Kg4 Ra6 60. Kh4 Ra1 61. Rg6 Rh1+ 62. Kg5 Rh2 63. e6+ Kf8 64. h6 gxh6+ 65. Rxh6
Rf2 66. f5 Rg2+ 67. Kf6 Rg8 68. Rh7 1-0

[Event "ODJM A 2014"]
[Site "Magdeburg GER"]
[Date "2014.06.08"]
[Round "1"]
[White "Hirtreiter, Pierre"]
[Black "Reck, Jessica"]
[Result "1-0"]
[Termination "normal"]
[Board "17"]
[WhiteElo "1810"]
[BlackElo "1613"]
[PlyCount "69"]
[WhiteFideId "12966312"]
[BlackFideId "12917931"]
[EventCountry "GER"]
[EventRounds "9"]
[EventType "swiss"]
[EventDate "2014.06.07"]

1. e4 g6 2. d4 Bg7 3. Nc3 d6 4. Be3 Nf6 5. h3 O-O 6. g3 c6 7. a4 Na6 8. Bg2 Qc7
9. Nge2 b6 10. O-O Bb7 11. Nc1 Rad8 12. Nd3 e5 13. dxe5 dxe5 14. a5 Nd7 15. b4
c5 16. b5 Nab8 17. a6 Ba8 18. Nb2 f5 19. f3 f4 20. Bf2 Nf6 21. Qe2 fxg3 22.
Bxg3 Nh5 23. Bf2 Bh6 24. Rad1 Nf4 25. Qc4+ Kh8 26. Ne2 Nxe2+ 27. Qxe2 Nd7 28.
Nc4 Nf6 29. Bg3 Bf4 30. Bxf4 exf4 31. Rxd8 Rxd8 32. Rd1 Rxd1+ 33. Qxd1 Nd7 34.
e5 Nf8 35. Qd6 1-0

[Event "ODJM A 2014"]
[Site "Magdeburg GER"]
[Date "2014.06.08"]
[Round "1"]
[White "Maurer, Noah"]
[Black "Alten, Silvio"]
[Result "0-1"]
[Termination "normal"]
[Board "18"]
[WhiteElo "1823"]
[BlackElo "1890"]
[PlyCount "42"]
[WhiteFideId "12920673"]
[BlackFideId "24660078"]
[EventCountry "GER"]
[EventRounds "9"]
[EventType "swiss"]
[EventDate "2014.06.07"]

1. e4 c5 2. Nf3 g6 3. d4 cxd4 4. Nxd4 Bg7 5. Be3 Nc6 6. Nc3 Nf6 7. Nb3 O-O 8.
Be2 d6 9. f4 Be6 10. g4 Rc8 11. h4 Na5 12. g5 Rxc3 13. gxf6 Rxe3 14. fxg7 Re8
15. Qd4 Qb6 16. Qa4 Nc6 17. Kd2 d5 18. e5 Re4 19. Qb5 Qe3+ 20. Kd1 a6 21. Qd3
Qxf4 0-1

[Event "ODJM A 2014"]
[Site "Magdeburg GER"]
[Date "2014.06.08"]
[Round "1"]
[White "Gauchel, Lorenz"]
[Black "Greßmann, Hanna"]
[Result "1-0"]
[Termination "normal"]
[Board "19"]
[WhiteElo "1766"]
[BlackElo "1551"]
[PlyCount "115"]
[WhiteFideId "12905283"]
[BlackFideId "12930709"]
[EventCountry "GER"]
[EventRounds "9"]
[EventType "swiss"]
[EventDate "2014.06.07"]

1. d4 d5 2. Nf3 e6 3. c4 Be7 4. Nc3 Nf6 5. cxd5 exd5 6. Bg5 O-O 7. e3 c6 8. Bd3
h6 9. Bh4 Nbd7 10. Qc2 Qc7 11. Bg3 Bd6 12. O-O Bxg3 13. hxg3 Re8 14. b4 Qd6 15.
b5 c5 16. dxc5 Qxc5 17. Nd4 Ne5 18. Rfd1 Nxd3 19. Rxd3 Qe7 20. Rad1 Be6 21. Qb2
Rac8 22. Nde2 g5 23. Nd4 Red8 24. Nc2 Bf5 25. R3d2 Qc7 26. Nd4 Qxc3 27. Qxc3
Rxc3 28. Nxf5 Kh7 29. Kf1 Rc5 30. Nd4 Ne4 31. Rb2 Rdc8 32. b6 a6 33. g4 Nc3 34.
Rc1 Na4 35. Rxc5 Rxc5 36. Rb3 Nc3 37. a3 Ne4 38. Ke2 Nc3+ 39. Kd3 Ne4 40. f3
Nd6 41. Ne2 Nc4 42. Nc3 Na5 43. Rb4 Nc6 44. Rb2 Kg6 45. Ne2 Ra5 46. Rb3 Ne5+
47. Kd4 Nc4 48. Nc3 Nxa3 49. Nxd5 Nb5+ 50. Ke5 Na3 51. Rc3 Nb1 52. Rc7 Rb5 53.
Rxb7 Nc3 54. e4 a5 55. Kd6 Nxd5 56. exd5 a4 57. Kc6 Ra5 58. Ra7 1-0

[Event "ODJM A 2014"]
[Site "Magdeburg GER"]
[Date "2014.06.08"]
[Round "1"]
[White "Usczeck, Alina"]
[Black "van Klev, Fabian"]
[Result "0-1"]
[Termination "normal"]
[Board "20"]
[WhiteElo "1566"]
[BlackElo "1880"]
[PlyCount "78"]
[WhiteFideId "12938114"]
[BlackFideId "12964255"]
[EventCountry "GER"]
[EventRounds "9"]
[EventType "swiss"]
[EventDate "2014.06.07"]

1. e4 d6 2. d4 Nf6 3. Nc3 g6 4. Be3 c6 5. f3 Nbd7 6. Qd2 b5 7. O-O-O Nb6 8. Kb1
b4 9. Nce2 Nc4 10. Qd3 Nxe3 11. Qxe3 Bg7 12. Nf4 a5 13. Bc4 O-O 14. Nge2 d5 15.
exd5 Nxd5 16. Nxd5 cxd5 17. Bd3 Re8 18. Rde1 Qb6 19. h4 a4 20. g4 b3 21. cxb3
axb3 22. a3 e5 23. h5 Ba6 24. Bxa6 exd4 25. Qg5 Qxa6 26. Nc1 Qc4 27. Qd2 Rxe1
28. Rxe1 Bh6 29. Qd3 Bxc1 30. Qxc4 dxc4 31. Rxc1 d3 32. Rd1 Re8 33. Kc1 Re3 34.
hxg6 hxg6 35. Rf1 Kf8 36. Kd2 Re2+ 37. Kc1 Ke7 38. f4 Rg2 39. g5 Ke6 0-1

[Event "ODJM A 2014"]
[Site "Magdeburg GER"]
[Date "2014.06.08"]
[Round "1"]
[White "Wieber, Dominik"]
[Black "Wiese, Tobias"]
[Result "1-0"]
[Termination "normal"]
[Board "21"]
[WhiteElo "1845"]
[BlackElo "1548"]
[PlyCount "41"]
[WhiteFideId "24699012"]
[BlackFideId "12974382"]
[EventCountry "GER"]
[EventRounds "9"]
[EventType "swiss"]
[EventDate "2014.06.07"]

1. e4 e6 2. d4 d5 3. exd5 exd5 4. Bd3 Nf6 5. Ne2 Nc6 6. Bf4 Bd6 7. c3 O-O 8.
O-O a6 9. h3 b5 10. Nd2 Re8 11. Bg3 Qd7 12. Re1 b4 13. Nf4 bxc3 14. bxc3 a5 15.
Qf3 Rxe1+ 16. Rxe1 Ba3 17. Bh4 Ba6 18. Bxf6 Bxd3 19. Qxd3 gxf6 20. Nh5 Be7 21.
Qg3+ 1-0

[Event "ODJM A 2014"]
[Site "Magdeburg GER"]
[Date "2014.06.08"]
[Round "1"]
[White "Reitz, Philipp"]
[Black "Karsay, Pascal"]
[Result "1/2-1/2"]
[Termination "normal"]
[Board "22"]
[WhiteElo "1522"]
[BlackElo "1779"]
[PlyCount "135"]
[WhiteFideId "12973297"]
[BlackFideId "12953474"]
[EventCountry "GER"]
[EventRounds "9"]
[EventType "swiss"]
[EventDate "2014.06.07"]

1. Nf3 Nf6 2. g3 d5 3. d4 e6 4. c4 c5 5. Bg5 Nc6 6. dxc5 Bxc5 7. e3 h6 8. Bxf6
Qxf6 9. Nc3 dxc4 10. Bxc4 Bb4 11. Rc1 e5 12. Nd2 O-O 13. O-O Bxc3 14. Rxc3 Bh3
15. Re1 Rfd8 16. Ne4 Qg6 17. Qf3 Bg4 18. Bxf7+ Qxf7 19. Qxg4 Qxa2 20. Qg6 Rf8
21. Rd1 Ne7 22. Qg4 Rab8 23. Rdc1 Nf5 24. Qe2 Kh8 25. Rc7 Rf7 26. Rc8+ Rxc8 27.
Rxc8+ Kh7 28. Qc4 Qxc4 29. Rxc4 b6 30. g4 Nh4 31. Nd6 Rd7 32. g5 Nf3+ 33. Kg2
Nxg5 34. Nb5 a6 35. Nc3 Rd6 36. h4 Nf7 37. Ne4 Rg6+ 38. Kf3 Re6 39. Rc7 Nd8 40.
Rd7 Nc6 41. Rd6 Rxd6 42. Nxd6 Kg6 43. Kg4 b5 44. h5+ Kf6 45. Ne4+ Ke7 46. Kf5
a5 47. Kg6 Kf8 48. Nc5 Ne7+ 49. Kh7 Kf7 50. Nd7 Nc6 51. Nb6 Nb4 52. b3 e4 53.
Nc8 Ke6 54. Na7 a4 55. Nxb5 axb3 56. Nd4+ Kf6 57. Nxb3 Nd3 58. Nd2 Nxf2 59. Nf1
Nh1 60. Kg8 g6 61. Kh7 gxh5 62. Kxh6 h4 63. Nh2 Ng3 64. Ng4+ Kf5 65. Nf2 Ke5
66. Kg5 Nf5 67. Ng4+ Ke6 68. Nf2 1/2-1/2